000
00321nam a2200133Ia 4500
008
150201s2009 xx 000 0 und d
082
_a
612.015
_b
B09R
100
_a
ROY,RN
245
_a
TB OF BIOPHYSICS
250
_a
1ST
260
_b
NEW CENTRAL BOOK AGENCY
_a
KOLKATA
_c
2009
650
_a
BIOCHEMISTRY
942
_2
ddc
_c
BK
_0
2
999
_c
925
_d
925